000 00316nam a2200121Ia 4500
008 190216s9999||||xx |||||||||||||| ||und||
100 _aMarar T R K
245 0 _aHeard Melodies An Anthology Of English Poetry
260 _bMac Millian And Com. Ltd
_c1969
300 _a212p
650 _aEnglish Poetry
942 _cBK
999 _c12941
_d12941